000 00532nam a2200217Ia 4500
003 OSt
005 20220918221157.0
006 a|||||r|||| 00| 0
007 ta
008 220917b |||||||| |||| 00| 0 eng d
024 _a148,609
037 _cTextual
040 _aARTS
_cARTS
_beng
041 _2eng
_aeng
082 _aTjM80, H0.2
245 0 _aRamalinga Reddy Sastyabdapurti commemoration volume
260 _c1940
650 _aEDUCATION
942 _hTjM80, H0.2
_cTEXL
_2CC
999 _c271286
_d271286